[Event "IND-chT 42nd"]
[Site "Pollachi"]
[Date "2023.02.13"]
[Round "5.2"]
[White "Visakh, Narayanan Rajeswari"]
[Black "Arjun, Kalyan"]
[Result "1/2-1/2"]
[WhiteElo "2548"]
[BlackElo "2516"]
[PlyCount "63"]
[EventDate "2023.02.10"]
[EventType "team-swiss"]
[EventRounds "9"]
[EventCountry "IND"]
[SourceTitle "CBM 212 Extra"]
[Source "ChessBase"]
[SourceDate "2023.03.31"]
[SourceVersion "1"]
[SourceVersionDate "2023.03.31"]
[SourceQuality "1"]
[WhiteTeam "RSPB"]
[BlackTeam "Tamil Nadu II"]
[WhiteTeamCountry "IND"]
[BlackTeamCountry "IND"]

1. d4 Nf6 2. Bf4 d5 3. e3 e6 4. Nf3 Bd6 5. Ne5 0-0 6. Nd2 c5 7. c3 Nc6 8. Bd3 Qc7 9. Ndf3 Ne7 10. g4 cxd4 11. cxd4 Ne4 12. g5 Nf5 13. Rc1 Qa5+ 14. Kf1 Qxa2 15. Qe2 Qa5 16. Rg1 Qd8 17. Bxe4 dxe4 18. Nd2 Bd7 19. Nxe4 Bxe5 20. Bxe5 Bc6 21. f3 Rc8 22. Kf2 Bxe4 23. Rxc8 Qxc8 24. fxe4 Ne7 25. Bd6 Qd7 26. Bxe7 Qxe7 27. Qc4 e5 28. Qc5 Qxc5 29. dxc5 Rd8 30. Ke2 Kf8 31. b4 a6 32. Rb1 1/2-1/2

[Event "Airthings Masters Play In"]
[Site "Chess.com INT"]
[Date "2023.02.03"]
[Round "4"]
[White "Arjun, Kalyan"]
[Black "Jumabayev, Rinat"]
[Result "1/2-1/2"]
[WhiteElo "2516"]
[BlackElo "2609"]
[PlyCount "163"]
[EventDate "2023.02.03"]
[EventType "swiss (rapid)"]
[EventRounds "9"]
[EventCountry "USA"]
[SourceTitle "CBM 212 Extra"]
[Source "ChessBase"]
[SourceDate "2023.03.31"]
[SourceVersion "1"]
[SourceVersionDate "2023.03.31"]
[SourceQuality "1"]

1. e4 e6 2. d4 d5 3. Nc3 Nf6 4. e5 Nfd7 5. f4 c5 6. Nf3 Nc6 7. Be3 a6 8. a3 b5 9. Bd3 b4 10. axb4 Nxb4 11. 0-0 Be7 12. dxc5 Nxc5 13. Bxc5 Bxc5+ 14. Kh1 h6 15. Ne2 0-0 16. c3 Nxd3 17. Qxd3 a5 18. b4 Ba6 19. b5 Bb7 20. f5 exf5 21. Qxf5 a4 22. Ned4 a3 23. e6 Qe7 24. Qe5 Qd6 25. Qxd6 Bxd6 26. Nf5 Bc5 27. N3d4 Bc8 28. Nb3 fxe6 29. Nxc5 Rxf5 30. Rxf5 exf5 31. b6 Rb8 32. Rxa3 Rxb6 33. Kg1 Kf7 34. Ra7+ Kf6 35. Rc7 Be6 36. Nxe6 Rxe6 37. Rd7 Re5 38. Kf2 f4 39. g3 fxg3+ 40. hxg3 h5 41. Rc7 g5 42. c4 Rf5+ 43. Ke2 d4 44. c5 g4 45. c6 Rc5 46. Rc8 Rc3 47. c7 Kg7 48. Kf2 Rc2+ 49. Kf1 d3 50. Rd8 d2 51. Rxd2 Rxc7 52. Kf2 Kf6 53. Rd5 Rc2+ 54. Kg1 Kg6 55. Rd6+ Kf5 56. Rd5+ Kg6 57. Rd6+ Kg7 58. Rd5 Rc1+ 59. Kg2 Kg6 60. Rd6+ Kf5 61. Rd5+ Ke4 62. Rxh5 Rc2+ 63. Kg1 Kf3 64. Ra5 Re2 65. Ra3+ Re3 66. Ra1 Kxg3 67. Rb1 Kh3 68. Rc1 Rg3+ 69. Kh1 Rg2 70. Rc3+ Rg3 71. Rc1 Rd3 72. Kg1 Rf3 73. Rb1 g3 74. Rc1 Rd3 75. Rb1 Rc3 76. Ra1 Rb3 77. Rc1 Rb2 78. Ra1 Rh2 79. Rb1 Rg2+ 80. Kh1 Rf2 81. Kg1 Rf3 82. Ra1 1/2-1/2

[Event "Airthings Masters Play In"]
[Site "Chess.com INT"]
[Date "2023.02.03"]
[Round "6"]
[White "Arjun, Kalyan"]
[Black "Swiercz, Dariusz"]
[Result "0-1"]
[WhiteElo "2516"]
[BlackElo "2646"]
[PlyCount "38"]
[EventDate "2023.02.03"]
[EventType "swiss (rapid)"]
[EventRounds "9"]
[EventCountry "USA"]
[SourceTitle "CBM 212 Extra"]
[Source "ChessBase"]
[SourceDate "2023.03.31"]
[SourceVersion "1"]
[SourceVersionDate "2023.03.31"]
[SourceQuality "1"]

1. e4 c5 2. Nf3 Nc6 3. d4 cxd4 4. Nxd4 e5 5. Nb5 d6 6. c4 g6 7. N1c3 a6 8. Na3 Be6 9. Nc2 Bg7 10. Be3 Rc8 11. Be2 f5 12. Nd5 Nf6 13. exf5 gxf5 14. Bh5+ Kf8 15. Bb6 Qd7 16. Nxf6 Bxf6 17. b3 Rg8 18. 0-0 Ne7 19. f4 Qc6 0-1

[Event "Airthings Masters Play In"]
[Site "Chess.com INT"]
[Date "2023.02.03"]
[Round "2"]
[White "Oparin, Grigoriy"]
[Black "Arjun, Kalyan"]
[Result "1-0"]
[WhiteElo "2667"]
[BlackElo "2516"]
[PlyCount "91"]
[EventDate "2023.02.03"]
[EventType "swiss (rapid)"]
[EventRounds "9"]
[EventCountry "USA"]
[SourceTitle "CBM 212 Extra"]
[Source "ChessBase"]
[SourceDate "2023.03.31"]
[SourceVersion "1"]
[SourceVersionDate "2023.03.31"]
[SourceQuality "1"]

1. d4 Nf6 2. c4 e6 3. Nf3 d5 4. g3 Bb4+ 5. Bd2 a5 6. Bg2 0-0 7. Qc2 c5 8. cxd5 cxd4 9. Nxd4 Qb6 10. e3 exd5 11. 0-0 Nc6 12. Nxc6 bxc6 13. Rc1 Rb8 14. Bxb4 Qxb4 15. b3 h5 16. Nd2 h4 17. a3 Qg4 18. h3 Qg5 19. Nf3 Qh5 20. Nxh4 g5 21. Nf5 g4 22. hxg4 Nxg4 23. Nh4 Be6 24. Qxc6 Rxb3 25. Qa4 Rb2 26. Bf3 Qg5 27. Bxg4 Bxg4 28. Rab1 Rxb1 29. Rxb1 Rc8 30. Qxa5 Qf6 31. Qb4 Be6 32. Qf4 Qc3 33. a4 Qc2 34. Rb8 Rxb8 35. Qxb8+ Kh7 36. Qf4 Kg8 37. Nf3 Qd1+ 38. Kg2 d4 39. Qxd4 Qb3 40. Ng5 Qb7+ 41. e4 Bd7 42. a5 Bc6 43. Qe5 Qb4 44. Qf5 Qe7 45. a6 f6 46. Qg6+ 1-0

[Event "Titled Tuesday intern op 17th Jan Early"]
[Site "Chess.com INT"]
[Date "2023.01.17"]
[Round "8"]
[White "Arjun, Kalyan"]
[Black "Sadhwani, Raunak"]
[Result "0-1"]
[WhiteElo "2516"]
[BlackElo "2627"]
[PlyCount "80"]
[EventDate "2023.01.17"]
[EventType "swiss (blitz)"]
[EventRounds "11"]
[EventCountry "USA"]
[SourceTitle "CBM 212 Extra"]
[Source "ChessBase"]
[SourceDate "2023.03.31"]
[SourceVersion "1"]
[SourceVersionDate "2023.03.31"]
[SourceQuality "1"]

1. e4 g6 2. d4 Bg7 3. Nf3 d6 4. c3 Nf6 5. Bd3 0-0 6. 0-0 Nc6 7. Nbd2 e5 8. Re1 Nh5 9. Nb3 h6 10. h3 Qf6 11. Be3 Nf4 12. Bf1 Re8 13. d5 Nb8 14. a4 a5 15. Nbd2 Na6 16. Nc4 b6 17. Na3 g5 18. Nd2 Qg6 19. g4 h5 20. Qf3 Nc5 21. Nb5 Re7 22. b4 Nb7 23. Nc4 hxg4 24. hxg4 Qh6 25. Bxf4 exf4 26. e5 axb4 27. exd6 Rxe1 28. Rxe1 Bd7 29. dxc7 Rxa4 30. Nxb6 Qxb6 31. d6 Ra8 32. Re7 Bc6 33. Qd3 Qxb5 34. Qxb5 Bxb5 35. Bxb5 Nxd6 36. cxb4 Nxb5 37. Rd7 Bf6 38. Rd5 Nxc7 39. Rf5 Kg7 40. Rc5 Ne6 0-1

[Event "Titled Tuesday intern op 17th Jan Early"]
[Site "Chess.com INT"]
[Date "2023.01.17"]
[Round "7"]
[White "Renjith, Sravan"]
[Black "Arjun, Kalyan"]
[Result "0-1"]
[WhiteElo "2172"]
[BlackElo "2516"]
[PlyCount "50"]
[EventDate "2023.01.17"]
[EventType "swiss (blitz)"]
[EventRounds "11"]
[EventCountry "USA"]
[SourceTitle "CBM 212 Extra"]
[Source "ChessBase"]
[SourceDate "2023.03.31"]
[SourceVersion "1"]
[SourceVersionDate "2023.03.31"]
[SourceQuality "1"]

1. d4 Nf6 2. c4 e6 3. Nf3 d5 4. g3 Bb4+ 5. Bd2 Be7 6. Bg2 0-0 7. 0-0 Nbd7 8. cxd5 exd5 9. Nc3 c6 10. a3 Re8 11. b4 Ne4 12. Bf4 Nxc3 13. Qc2 Ne4 14. Nd2 Nxd2 15. Qxd2 Nf6 16. Qc2 Bd6 17. b5 Bxf4 18. gxf4 cxb5 19. e3 h5 20. Rac1 h4 21. h3 Bd7 22. Kh2 Rc8 23. Qd3 Rc4 24. Rb1 Qc8 25. Rfd1 Bf5 0-1

[Event "Titled Tuesday intern op 10th Jan Early"]
[Site "Chess.com INT"]
[Date "2023.01.10"]
[Round "2"]
[White "Karabalis, Harilos"]
[Black "Arjun, Kalyan"]
[Result "0-1"]
[WhiteElo "2252"]
[BlackElo "2516"]
[PlyCount "108"]
[EventDate "2023.01.10"]
[EventType "swiss (blitz)"]
[EventRounds "11"]
[EventCountry "USA"]
[SourceTitle "EXT 2024"]
[Source "ChessBase"]
[SourceDate "2023.10.10"]
[SourceVersion "1"]
[SourceVersionDate "2023.10.10"]
[SourceQuality "1"]

1. c4 b6 2. Nc3 Bb7 3. e4 e5 4. Nge2 Nc6 5. g3 g6 6. Bg2 Bg7 7. d3 Nge7 8. 0-0 0-0 9. f4 f5 10. Be3 d6 11. Qd2 Nd4 12. Rf2 Qd7 13. Raf1 Nxe2+ 14. Qxe2 Rae8 15. b3 exf4 16. Bxf4 Bxc3 17. Bh6 Bg7 18. Bxg7 Kxg7 19. Qb2+ Kg8 20. Qe2 fxe4 21. dxe4 Rxf2 22. Qxf2 Nc6 23. e5 Nd8 24. Bxb7 Nxb7 25. exd6 Nxd6 26. Qd4 Qe6 27. Rf2 Qe1+ 28. Kg2 Qe4+ 29. Qxe4 Rxe4 30. a4 Re3 31. Rb2 Ne4 32. a5 bxa5 33. Ra2 Rxb3 34. Rxa5 Rc3 35. Rxa7 Rxc4 36. h4 Nd6 37. h5 gxh5 38. Kf3 Kg7 39. Ra5 Kg6 40. Ra8 Rc3+ 41. Kf4 Rc4+ 42. Kf3 Nf7 43. Rg8+ Kf6 44. Rc8 Ne5+ 45. Kf2 Rc2+ 46. Ke3 Rc3+ 47. Kf2 c5 48. Rc7 Kg6 49. Re7 Ng4+ 50. Kg2 c4 51. Rc7 Rc1 52. Kh3 c3 53. Rc6+ Kf7 54. Rh6 Nxh6 0-1

[Event "Wch Blitz"]
[Site "Almaty"]
[Date "2022.12.30"]
[Round "16"]
[White "Arjun, Kalyan"]
[Black "Degenbaev, Aziz"]
[Result "1-0"]
[WhiteElo "2426"]
[BlackElo "2039"]
[PlyCount "66"]
[EventDate "2022.12.29"]
[EventType "swiss (blitz)"]
[EventRounds "21"]
[EventCountry "KAZ"]
[SourceTitle "CBM 212"]
[Source "ChessBase"]
[SourceDate "2023.02.28"]
[SourceVersion "1"]
[SourceVersionDate "2023.02.28"]
[SourceQuality "1"]

1. e4 c5 2. Nf3 d6 3. d4 cxd4 4. Nxd4 Nf6 5. Nc3 Nc6 6. Bg5 Bd7 7. Nxc6 Bxc6 8. Bxf6 gxf6 9. Bb5 Rg8 10. Qf3 Qb6 11. Bxc6+ bxc6 12. 0-0-0 Rb8 13. b3 Rg5 14. Rd3 Bh6 15. Kb1 Qa5 16. g4 Rc5 17. Rhd1 Bg7 18. Qg3 Rb7 19. f4 f5 20. e5 dxe5 21. gxf5 Bf8 22. fxe5 Qc7 23. Ne4 Rd5 24. Rxd5 cxd5 25. Rxd5 Qc6 26. Qd3 Rb8 27. c4 Bh6 28. f6 e6 29. Rd7 Bf4 30. Re7+ Kf8 31. Qd4 Rc8 32. Kb2 Kg8 33. Rxa7 Rf8 1-0

[Event "Wch Blitz"]
[Site "Almaty"]
[Date "2022.12.29"]
[Round "8"]
[White "Arjun, Kalyan"]
[Black "Averin, Nikolay"]
[Result "1/2-1/2"]
[WhiteElo "2426"]
[BlackElo "2231"]
[PlyCount "153"]
[EventDate "2022.12.29"]
[EventType "swiss (blitz)"]
[EventRounds "21"]
[EventCountry "KAZ"]
[SourceTitle "CBM 212"]
[Source "ChessBase"]
[SourceDate "2023.02.28"]
[SourceVersion "1"]
[SourceVersionDate "2023.02.28"]
[SourceQuality "1"]

1. e4 Nf6 2. e5 Nd5 3. c4 Nb6 4. d4 d6 5. f4 dxe5 6. fxe5 Nc6 7. Be3 Bf5 8. Nc3 e6 9. Nf3 Be7 10. Be2 0-0 11. 0-0 f6 12. exf6 Bxf6 13. Qd2 Qe8 14. Rad1 Rd8 15. Qc1 Qg6 16. Kh1 Rd7 17. Rd2 Rfd8 18. Rfd1 Bg4 19. d5 Bxc3 20. Qxc3 exd5 21. Bxb6 axb6 22. cxd5 Bxf3 23. Bxf3 Ne7 24. h3 Qf6 25. Qc4 Kh8 26. Bg4 Nf5 27. Qf4 Rf7 28. Re2 Rdf8 29. Bxf5 Qxf5 30. Qxf5 Rxf5 31. Re7 R5f7 32. Rde1 Kg8 33. Kg1 Rxe7 34. Rxe7 Rf7 35. Re8+ Rf8 36. Re5 Kf7 37. Kf2 Ra8 38. a3 Ra5 39. Ke3 c6 40. Ke4 Ra4+ 41. Kd3 Ra5 42. Kc4 Ra4+ 43. Kc3 Ra5 44. Kd4 Ra4+ 45. Kd3 Ra5 46. Ke4 Ra4+ 47. Ke3 Ra5 48. Rf5+ Ke7 49. Ke4 Ra4+ 50. Ke5 cxd5 51. Rf3 Ra5 52. Rb3 b5 53. Kxd5 b4+ 54. Kc4 bxa3 55. bxa3 Kf6 56. Rb6+ Kg5 57. Kb4 Ra7 58. a4 Kf4 59. Ka3 Kg3 60. Rb2 g5 61. Kb4 h5 62. a5 h4 63. Ka4 b6 64. Rxb6 Kxg2 65. Rg6 Kxh3 66. Rxg5 Kh2 67. Kb5 h3 68. Kb6 Ra8 69. Kb7 Rxa5 70. Rxa5 Kg2 71. Ra2+ Kg1 72. Ra1+ Kg2 73. Ra2+ Kg1 74. Kc6 h2 75. Ra1+ Kg2 76. Kd5 h1Q 77. Rxh1 1/2-1/2

[Event "Wch Blitz"]
[Site "Almaty"]
[Date "2022.12.29"]
[Round "12"]
[White "Arjun, Kalyan"]
[Black "Gadimbayli, Abdulla Azar"]
[Result "1/2-1/2"]
[WhiteElo "2426"]
[BlackElo "2399"]
[PlyCount "107"]
[EventDate "2022.12.29"]
[EventType "swiss (blitz)"]
[EventRounds "21"]
[EventCountry "KAZ"]
[SourceTitle "CBM 212"]
[Source "ChessBase"]
[SourceDate "2023.02.28"]
[SourceVersion "1"]
[SourceVersionDate "2023.02.28"]
[SourceQuality "1"]

1. e4 e5 2. Nf3 d5 3. exd5 e4 4. Qe2 Nf6 5. Nc3 Be7 6. Nxe4 0-0 7. d3 Nxd5 8. Qd1 c5 9. Be2 Nc6 10. 0-0 Bf5 11. c3 Qd7 12. Ng3 Bg6 13. d4 Rad8 14. Bb5 Qc7 15. Bxc6 bxc6 16. Qa4 Nb6 17. Qa5 Rd5 18. Qa6 cxd4 19. cxd4 c5 20. Be3 c4 21. a4 Bb4 22. a5 Nc8 23. Ne5 Nd6 24. Rfc1 Rc8 25. Bf4 Qd8 26. Nxg6 hxg6 27. Bxd6 Rxd6 28. Qb5 Rb8 29. Qa4 Rxd4 30. h3 Bd2 31. Rcb1 c3 32. Qc2 cxb2 33. Rxb2 Rxb2 34. Qxb2 Bxa5 35. Kh2 Bb6 36. Ra2 Rd1 37. Qb3 Rc1 38. Re2 Qd1 39. Qxd1 Rxd1 40. Ne4 a5 41. Nc3 Rd3 42. Rc2 Bd4 43. Nb5 Be5+ 44. g3 Rd5 45. Rc8+ Kh7 46. Nc3 Rd4 47. Rc5 f6 48. Rxa5 Rc4 49. Nd1 Bd4 50. Rd5 g5 51. Kg2 Kg6 52. Kf3 Be5 53. Ne3 Rc3 54. Ke2 1/2-1/2

[Event "Wch Blitz"]
[Site "Almaty"]
[Date "2022.12.29"]
[Round "11"]
[White "Yakubboev, Nodirbek"]
[Black "Arjun, Kalyan"]
[Result "1-0"]
[WhiteElo "2560"]
[BlackElo "2426"]
[PlyCount "76"]
[EventDate "2022.12.29"]
[EventType "swiss (blitz)"]
[EventRounds "21"]
[EventCountry "KAZ"]
[SourceTitle "CBM 212"]
[Source "ChessBase"]
[SourceDate "2023.02.28"]
[SourceVersion "1"]
[SourceVersionDate "2023.02.28"]
[SourceQuality "1"]

1. c4 Nf6 2. g3 e6 3. Bg2 d5 4. Nf3 dxc4 5. Qa4+ c6 6. Qxc4 b5 7. Qc2 Bb7 8. a4 a6 9. 0-0 Nbd7 10. Nc3 b4 11. Nd1 c5 12. b3 Be7 13. Bb2 0-0 14. Ne3 a5 15. Nc4 Nb6 16. Nfe5 Bxg2 17. Kxg2 Nxc4 18. Nxc4 Nd5 19. Rfd1 Bf6 20. e4 Bxb2 21. Nxb2 Nf6 22. f3 Qd4 23. Nc4 Rfd8 24. d3 Nd7 25. Qf2 g6 26. Rac1 Ra6 27. f4 Kf8 28. Qxd4 cxd4 29. Ne5 Nxe5 30. fxe5 Ke7 31. Rc4 Ra7 32. Rdc1 Rdd7 33. Kf3 Ra6 34. Kf4 h6 35. Rc8 Raa7 36. R1c4 Rab7 37. Ra8 Ra7 38. Rxa7 Rb7 1-0

[Event "Wch Rapid"]
[Site "Almaty"]
[Date "2022.12.27"]
[Round "8"]
[White "Suyarov, Mukhammadzokhid"]
[Black "Arjun, Kalyan"]
[Result "0-1"]
[WhiteElo "2089"]
[BlackElo "2426"]
[PlyCount "130"]
[EventDate "2022.12.26"]
[EventType "swiss (rapid)"]
[EventRounds "13"]
[EventCountry "KAZ"]
[SourceTitle "CBM 212"]
[Source "ChessBase"]
[SourceDate "2023.02.28"]
[SourceVersion "1"]
[SourceVersionDate "2023.02.28"]
[SourceQuality "1"]

1. d4 Nf6 2. Nc3 d5 3. Bf4 e6 4. Nb5 Na6 5. e3 Be7 6. Nf3 0-0 7. Be2 c6 8. Nc3 c5 9. Nb5 Bd7 10. c3 c4 11. a4 Bxb5 12. axb5 Nc7 13. Qa4 a6 14. bxa6 Rxa6 15. Qd1 Bd6 16. 0-0 Ne4 17. Rxa6 bxa6 18. Qc2 Bxf4 19. exf4 Nd6 20. Nd2 Qf6 21. g3 Qf5 22. Qxf5 exf5 23. Ra1 Rb8 24. Ra2 Kf8 25. Kf1 Ke7 26. Ke1 Ne4 27. Nb1 f6 28. Na3 g5 29. fxg5 fxg5 30. Nc2 f4 31. Nb4 Rb6 32. Ra5 Kd6 33. Bf3 Rb5 34. Ra2 a5 35. Nc2 Nf6 36. gxf4 g4 37. Be2 Ne6 38. f5 Nf4 39. Ne3 h5 40. Bf1 Ne4 41. Ng2 Nh3 42. f6 Nxf6 43. Ne3 Nf4 44. Ng2 Nxg2+ 45. Bxg2 Ke6 46. Ke2 Kf5 47. Ke3 h4 48. Bf1 Nh5 49. Be2 Nf4 50. Bd1 Kg5 51. Ba4 Rb7 52. Bd1 Ra7 53. Kd2 Nd3 54. b4 Nxf2 55. Rxa5 Ne4+ 56. Kc2 Rxa5 57. bxa5 Nd6 58. a6 Nb5 59. Kd2 Kf4 60. Be2 g3 61. hxg3+ hxg3 62. Ke1 Ke3 63. Bf1 Kf3 64. Be2+ Kg2 65. Bg4 Kh2 0-1

[Event "Wch Rapid"]
[Site "Almaty"]
[Date "2022.12.26"]
[Round "1"]
[White "Arjun, Kalyan"]
[Black "Bluebaum, Matthias"]
[Result "0-1"]
[WhiteElo "2426"]
[BlackElo "2617"]
[PlyCount "83"]
[EventDate "2022.12.26"]
[EventType "swiss (rapid)"]
[EventRounds "13"]
[EventCountry "KAZ"]
[SourceTitle "CBM 212"]
[Source "ChessBase"]
[SourceDate "2023.02.28"]
[SourceVersion "1"]
[SourceVersionDate "2023.02.28"]
[SourceQuality "1"]

1. d4 Nf6 2. c4 e6 3. Nf3 d5 4. Nc3 dxc4 5. Qa4+ c6 6. Qxc4 b5 7. Qd3 a6 8. Bg5 Be7 9. e4 b4 10. Na4 0-0 11. Qc2 h6 12. Bxf6 Bxf6 13. e5 Be7 14. Bd3 a5 15. 0-0 Ba6 16. Bxa6 Rxa6 17. Nc5 Rb6 18. Rfd1 Rb5 19. Rac1 Qd5 20. b3 Rc8 21. Qe2 Qd8 22. g3 Nd7 23. Na4 Rd5 24. Rd2 Bg5 25. Nxg5 Qxg5 26. Rc4 Qd8 27. Rdc2 Nb6 28. Nxb6 Qxb6 29. Qe3 Qb7 30. Rc5 Rcd8 31. Rxd5 Rxd5 32. Rc4 Qd7 33. h4 h5 34. Kg2 g6 35. Qe4 Qc7 36. g4 hxg4 37. Qxg4 c5 38. h5 Qb7 39. Qe4 cxd4 40. hxg6 f5 41. Qh4 Rc5+ 42. f3 0-1

[Event "Sitges Sunway op 9th"]
[Site "Sitges"]
[Date "2022.12.21"]
[Round "9"]
[White "Arjun, Kalyan"]
[Black "Durarbayli, Vasif"]
[Result "0-1"]
[WhiteElo "2505"]
[BlackElo "2612"]
[PlyCount "136"]
[EventDate "2022.12.12"]
[EventType "swiss"]
[EventRounds "10"]
[EventCountry "ESP"]
[SourceTitle "CBM 211 Extra"]
[Source "ChessBase"]
[SourceDate "2023.01.31"]
[SourceVersion "1"]
[SourceVersionDate "2023.01.31"]
[SourceQuality "1"]

1. e4 e5 2. Nf3 Nc6 3. Bc4 Nf6 4. d3 Bc5 5. c3 d6 6. 0-0 a6 7. a4 Ba7 8. Re1 0-0 9. h3 h6 10. Nbd2 Re8 11. b4 Ne7 12. Qb3 Rf8 13. d4 Ng6 14. b5 Nh5 15. bxa6 bxa6 16. dxe5 Nxe5 17. Nxe5 dxe5 18. Nf1 Qh4 19. Be3 Nf4 20. Ng3 Qg5 21. Kh2 h5 22. Rg1 g6 23. Qc2 Qh4 24. Bf1 Bxe3 25. fxe3 Ne6 26. Nh1 Nc5 27. Nf2 Be6 28. g4 Rad8 29. gxh5 Qxh5 30. c4 Rd6 31. Rd1 Rfd8 32. Rxd6 Rxd6 33. Be2 Qh4 34. Bg4 Qd8 35. Rd1 Bxg4 36. Rxd6 cxd6 37. hxg4 Kf8 38. Qd1 Qc7 39. Kg2 Ke7 40. Nd3 Nxe4 41. Qc2 Qb7 42. Kh2 a5 43. Qg2 Nc5 44. Qxb7+ Nxb7 45. Kg3 Kd7 46. Kh4 Kc6 47. Kg5 Nc5 48. Nb2 Ne4+ 49. Kh6 Kc5 50. Kg7 f5 51. g5 Nxg5 52. Kxg6 Ne4 53. Kxf5 Nf2 54. Ke6 e4 55. Ke7 d5 56. cxd5 Kxd5 57. Kf7 Ng4 58. Nd1 Kc4 59. Ke6 Kd3 60. Nb2+ Kc3 61. Nd1+ Kc2 62. Kf5 Kxd1 63. Kxe4 Kd2 64. Kd5 Nxe3+ 65. Kd4 Nc2+ 66. Kc4 Na1 67. Kd4 Kc2 68. Kc5 Kc3 0-1

[Event "Sitges Sunway op 9th"]
[Site "Sitges"]
[Date "2022.12.12"]
[Round "1"]
[White "Arjun, Kalyan"]
[Black "Mahitosh, Dey"]
[Result "1/2-1/2"]
[WhiteElo "2505"]
[BlackElo "2134"]
[PlyCount "90"]
[EventDate "2022.12.12"]
[EventType "swiss"]
[EventRounds "10"]
[EventCountry "ESP"]
[SourceTitle "CBM 211 Extra"]
[Source "ChessBase"]
[SourceDate "2023.01.31"]
[SourceVersion "1"]
[SourceVersionDate "2023.01.31"]
[SourceQuality "1"]

1. e4 e5 2. Nf3 Nf6 3. Nxe5 d6 4. Nf3 Nxe4 5. Bd3 Nc5 6. Be2 d5 7. d4 Ne4 8. 0-0 Bd6 9. c4 dxc4 10. Bxc4 0-0 11. Re1 Nf6 12. Nc3 Bg4 13. h3 Bh5 14. g4 Bg6 15. Bg5 h6 16. Bh4 Bh7 17. Ne5 g5 18. Bg3 Nc6 19. f4 Kg7 20. f5 Nd7 21. Kg2 Nb6 22. Bb5 Nb4 23. a3 N4d5 24. Nxd5 Nxd5 25. Qb3 Nb6 26. Rad1 f6 27. Bc4 Nxc4 28. Nxc4 Bxg3 29. Kxg3 Bg8 30. Qb4 Rf7 31. Qxb7 c5 32. Qa6 Rd7 33. Ne5 fxe5 34. dxe5 Rxd1 35. Rxd1 Qxd1 36. Qf6+ Kh7 37. Qg6+ Kh8 38. Qf6+ Kh7 39. Qg6+ Kh8 40. Qxh6+ Bh7 41. Qf6+ Kg8 42. Qxg5+ Kh8 43. Qf6+ Kg8 44. Qe6+ Kh8 45. Qf6+ Kg8 1/2-1/2

[Event "Elllobregat op 3rd"]
[Site "Sant Boi de Llobregat"]
[Date "2022.12.04"]
[Round "5"]
[White "Arjun, Kalyan"]
[Black "Tari, Aryan"]
[Result "1/2-1/2"]
[WhiteElo "2526"]
[BlackElo "2659"]
[PlyCount "53"]
[EventDate "2022.11.30"]
[EventType "swiss"]
[EventRounds "9"]
[EventCountry "ESP"]
[SourceTitle "CBM 211 Extra"]
[Source "ChessBase"]
[SourceDate "2023.01.31"]
[SourceVersion "1"]
[SourceVersionDate "2023.01.31"]
[SourceQuality "1"]

1. e4 e5 2. Nf3 Nc6 3. Bc4 Nf6 4. d3 Bc5 5. Nc3 a6 6. Bg5 h6 7. Bxf6 Qxf6 8. Nd5 Qd8 9. c3 d6 10. d4 Ba7 11. dxe5 Nxe5 12. Nxe5 dxe5 13. Qh5 0-0 14. Qxe5 Re8 15. Qf4 Qd6 16. Qxd6 Rxe4+ 17. Ne3 cxd6 18. Bd5 Re7 19. 0-0-0 Bxe3+ 20. fxe3 Be6 21. Bf3 Rd8 22. b3 Bf5 23. Rhe1 Be4 24. Rd4 Bxf3 25. gxf3 Re5 26. Kd2 Kf8 27. h4 1/2-1/2

[Event "Elllobregat op 3rd"]
[Site "Sant Boi de Llobregat"]
[Date "2022.12.03"]
[Round "4"]
[White "Donchenko, Alexander"]
[Black "Arjun, Kalyan"]
[Result "1/2-1/2"]
[WhiteElo "2636"]
[BlackElo "2526"]
[PlyCount "81"]
[EventDate "2022.11.30"]
[EventType "swiss"]
[EventRounds "9"]
[EventCountry "ESP"]
[SourceTitle "CBM 211 Extra"]
[Source "ChessBase"]
[SourceDate "2023.01.31"]
[SourceVersion "1"]
[SourceVersionDate "2023.01.31"]
[SourceQuality "1"]

1. Nf3 d5 2. g3 Bg4 3. Bg2 c6 4. h3 Bh5 5. c4 e6 6. 0-0 Nd7 7. cxd5 exd5 8. d3 Bd6 9. e4 Ne7 10. Nc3 0-0 11. g4 Bg6 12. Nh4 Nb6 13. a4 a5 14. Qb3 Bb4 15. f4 f6 16. Nxg6 Nxg6 17. Be3 Kh8 18. Na2 d4 19. Nxb4 axb4 20. Bd2 c5 21. a5 Nd7 22. Qd5 Ra7 23. e5 Ne7 24. Qe4 fxe5 25. fxe5 Rxa5 26. Rxa5 Rxf1+ 27. Kxf1 Qxa5 28. Qxb7 Qd8 29. e6 Nf8 30. Bg5 Nfg6 31. Be4 h6 32. Bxg6 hxg5 33. Qd7 Qf8+ 34. Bf7 Qb8 35. Qxe7 Qf4+ 36. Ke2 Qe3+ 37. Kd1 Qxd3+ 38. Kc1 Qe3+ 39. Kd1 Qd3+ 40. Kc1 Qe3+ 41. Kd1 1/2-1/2

[Event "Asian Continental op 19th"]
[Site "Delhi"]
[Date "2022.10.29"]
[Round "4"]
[White "Ayush, Sharma"]
[Black "Arjun, Kalyan"]
[Result "1-0"]
[WhiteElo "2267"]
[BlackElo "2526"]
[PlyCount "117"]
[EventDate "2022.10.26"]
[EventType "swiss"]
[EventRounds "9"]
[EventCountry "IND"]
[SourceTitle "EXT 2024"]
[Source "ChessBase"]
[SourceDate "2023.10.10"]
[SourceVersion "1"]
[SourceVersionDate "2023.10.10"]
[SourceQuality "1"]

1. e4 e5 2. Nf3 Nc6 3. Bb5 a6 4. Ba4 Bc5 5. 0-0 Nge7 6. c3 Ng6 7. d4 Ba7 8. Bg5 f6 9. Be3 0-0 10. d5 Nce7 11. d6 cxd6 12. Bxa7 Rxa7 13. Qxd6 b5 14. Bb3+ Kh8 15. a4 Rb7 16. a5 Rc7 17. Rd1 Bb7 18. Nbd2 Nf4 19. c4 Bc6 20. cxb5 Bxb5 21. Nf1 Be2 22. Rd2 Bxf3 23. gxf3 Nc6 24. Ng3 Qb8 25. Bd1 Rb7 26. Ne2 Nd4 27. Qxb8 Nfxe2+ 28. Bxe2 Rfxb8 29. Ra3 Ra7 30. f4 Nxe2+ 31. Rxe2 exf4 32. Kg2 g5 33. Rd2 Rb5 34. Kf3 Kg7 35. h4 Kg6 36. Rd6 h6 37. Kg4 h5+ 38. Kf3 gxh4 39. Kxf4 Rxb2 40. Rf3 Re2 41. Rb3 Rxf2+ 42. Ke3 Ra2 43. Rbb6 Rxa5 44. Rxf6+ Kg7 45. Kf4 h3 46. Rg6+ Kf7 47. Rg3 Ke7 48. Rxh3 Rc5 49. e5 h4 50. Kf5 Rc4 51. Rd3 a5 52. Rh6 a4 53. Rh7+ Kd8 54. e6 Ra5+ 55. Kg6 Rg4+ 56. Kh6 Ra7 57. Rh8+ Kc7 58. exd7 Ra6+ 59. Kh5 1-0

[Event "MPL Indian Chess Tour N3"]
[Site "chess24.com INT"]
[Date "2022.09.12"]
[Round "15"]
[White "Arjun, Kalyan"]
[Black "Vidit, Santosh Gujrathi"]
[Result "1/2-1/2"]
[WhiteElo "2529"]
[BlackElo "2710"]
[PlyCount "116"]
[EventDate "2022.09.09"]
[EventType "tourn (rapid)"]
[EventRounds "15"]
[EventCountry "IND"]
[EventCategory "13"]
[SourceTitle "CBM 210 Extra"]
[Source "ChessBase"]
[SourceDate "2022.11.30"]
[SourceVersion "1"]
[SourceVersionDate "2022.11.30"]
[SourceQuality "1"]

1. e4 c5 2. Nf3 Nc6 3. d4 cxd4 4. Nxd4 Nf6 5. Nc3 d6 6. Bg5 e6 7. Qd2 a6 8. 0-0-0 Be7 9. f4 Bd7 10. Nf3 h6 11. Bxf6 gxf6 12. f5 Qa5 13. Bd3 0-0-0 14. Kb1 Kb8 15. a3 Ne5 16. Nd4 Rc8 17. Rhf1 Qb6 18. Nb3 h5 19. Ne2 Ng4 20. Rf3 Nxh2 21. Rh3 Ng4 22. Rf1 Bf8 23. Ng3 h4 24. Qe2 Ne5 25. Rf4 Ba4 26. fxe6 fxe6 27. Nf1 Be7 28. Nfd2 Rcg8 29. Rfxh4 Rxh4 30. Rxh4 Qg1+ 31. Qf1 Rxg2 32. Rh8+ Kc7 33. Rh7 Kd7 34. Qxg1 Rxg1+ 35. Ka2 Nxd3 36. cxd3 Bb5 37. d4 Bd3 38. Rh3 Bc2 39. Rc3 Bxb3+ 40. Kxb3 Rg4 41. Rh3 b5 42. Rh7 d5 43. exd5 exd5 44. Kc3 Rg3+ 45. Kc2 Rg2 46. Kd3 Ke6 47. Rh8 Bd6 48. Ra8 Bf4 49. Nb3 Rxb2 50. Rxa6+ Kf5 51. Kc3 Ra2 52. Nc5 Bc1 53. Kb3 Rb2+ 54. Kc3 Ra2 55. Kb3 Rh2 56. Rd6 Rh3+ 57. Kb4 Bxa3+ 58. Kxb5 Bxc5 1/2-1/2